| 000 | 00618nam a2200205 4500 | ||
|---|---|---|---|
| 999 |
_c3015 _d3015 |
||
| 001 | 3015 | ||
| 003 | BD-JhCC | ||
| 005 | 20171109114202.0 | ||
| 008 | 171109b1967 bg ||||| |||| 00| 0 ben d | ||
| 035 | _a(BD-JhCC) | ||
| 040 |
_aBD-JhCC _dBD-JhCC |
||
| 041 | _aben | ||
| 082 |
_a891.443 _bKHA 1967 |
||
| 100 | _aখান, আবদুল ওয়াহাব | ||
| 245 |
_aবাংলার বধূ / _cআবদুল ওয়াহাব খান |
||
| 260 |
_aঢাকা: _bনলেজ হোম ; _c১৯৬৭ |
||
| 300 |
_a২৩২ পৃ.; _c২০ সেমি |
||
| 650 | _aNovel | ||
| 942 |
_2ddc _cBK |
||